000 00472nam a2200145 a 4500
001 000031510
005 20240301142239.0
008 110627s1946 dr 000 0 spa d
040 _aDO-SdBNP
_bspa
_cBNPHU
100 1 _aNúñez de Cáceres, José,
_d1772-1846
_913255
245 1 0 _aFábulas dominicanas /( /
_cJosé Núñez de Cáceres.
260 _aCiudad Trujillo, República Dominicana :
_bTalleres Tip. Montalvo,
_c1946.
300 _a115 p. ;
_c15 cm.
049 _aBNPD
999 _c31002
_d31002